000 00572nam a22001817a 4500
005 20171208153722.0
010 _aENG-121806
020 _a9788188808830
_c550.00
035 _aENG-101806
037 _bDBAD/PUB
082 _a616.863
100 _aSarkar Angshuman
245 _aDrug addiction:
_ba socio - economic analysis /
_cby Angshuman Sarkar
260 _aKolkata
_bScholar Book Seller and Publishers
_c2010
270 _aBidhanpally, Madhyamgram
_bKolkata
_e700129
300 _axxiii,247p.
_bill.
_c23cm(Hb)
942 _2ddc
_cEN
_h616.863
_mSAR
999 _c147937
_d147937